MARC

Tag First Indicator Second Indicator Subfields
LEADER 00000nam a2200000 i 4500
001 in00005779313
003 OCoLC
005 20210322144332.1
006 m o d
007 cr cnu---unuuu
008 191019s2019 mnu ob 001 0 eng d
024 8 |a 90104068400 
040 |a EBLCP  |b eng  |e rda  |e pn  |c EBLCP  |d JSTOR  |d OCLCQ  |d OCLCO  |d EBLCP  |d OCLCF  |d YDXIT  |d OCLCQ  |d YDX  |d OCLCQ  |d MM9  |d OCLCO  |d OCLCQ 
019 |a 1148830189  |a 1149204401 
020 |a 9781452964188  |q (electronic book) 
020 |a 1452964181  |q (electronic book) 
020 |z 0816617864 
020 |z 9780816617869 
020 |z 0816617872 
020 |z 9780816617876 
035 |a (OCoLC)1122912634  |z (OCoLC)1148830189  |z (OCoLC)1149204401 
037 |a 22573/ctvqncmvc  |b JSTOR 
043 |a n-us--- 
050 4 |a HQ1421  |b .E25 2019 
072 7 |a SOC  |x 010000  |2 bisacsh 
072 7 |a HIS  |x 036060  |2 bisacsh 
072 7 |a POL  |x 010000  |2 bisacsh 
082 0 4 |a 305.42097309/047  |2 20 
084 |a 305.420973  |2 22 
084 |a 15.87  |2 bcl 
084 |a 71.38  |2 bcl 
084 |a D447.129  |2 clc 
100 1 |a Echols, Alice,  |e author. 
245 1 0 |a Daring to be bad :  |b radical feminism in America 1967-1975 /  |c Alice Echols ; foreword by Ellen Willis. 
250 |a Thirtieth Anniversary edition. 
264 1 |a Minneapolis :  |b University of Minnesota Press,  |c [2019] 
300 |a 1 online resource. 
336 |a text  |b txt  |2 rdacontent 
337 |a computer  |b c  |2 rdamedia 
338 |a online resource  |b cr  |2 rdacarrier 
490 1 |a American culture ;  |v [3] 
505 0 |a Cover; Half Title; Title; Copyright; Contents; Introduction to the Thirtieth Anniversary Edition; Foreword; Acknowledgments; Daring to Be Bad; Introduction; 1. The Re-Emergence of the "Woman Question"; 2. The Great Divide: The Politico-Feminist Schism; 3. Breaking Away from the Left; 4. Varieties of Radical Feminism-Redstockings, Cell 16, The Feminists, New York Radical Feminists; 5. The Eruption of Difference; 6. The Ascendance of Cultural Feminism; Epilogue; Notes; Appendix A: Discussion at Sandy Springs Conference, August 1968; Appendix B: Brief Biographies of Women's Liberation Activists 
505 8 |a Appendix C: A Guide to Women's Liberation GroupsAppendix D: A Note on the Oral Interviews; Index; A; B; C; D; E; F; G; H; I; J; K; L; M; N; O; P; Q; R; S; T; U; V; W; Y; Z 
532 1 |3 JSTOR  |a "We apply WCAG and Section 508 standards to improve the user experience for everyone...The target for JSTOR is WCAG 2.2 Level AA." Source: https://about.jstor.org/accessibility/. Last accessed April 22, 2025. 
588 0 |a Online resource; title from digital title page (viewed on November 11, 2019). 
504 |a Includes bibliographical references (pages 299-366) and index. 
650 0 |a Feminism  |z United States  |x History  |y 20th century. 
650 0 |a Women's rights  |z United States  |x History  |y 20th century. 
650 6 |a Féminisme  |z États-Unis  |x Histoire  |y 20e siècle. 
650 6 |a Femmes  |x Droits  |z États-Unis  |x Histoire  |y 20e siècle. 
650 7 |a SOCIAL SCIENCE  |x Feminism & Feminist Theory.  |2 bisacsh 
650 7 |a Feminism  |z United States  |x History  |y 20th century.  |2 cct 
650 7 |a Women's rights  |z United States  |x History  |y 20th century.  |2 cct 
650 7 |a Feminism.  |2 fast  |0 (OCoLC)fst00922671 
650 7 |a Women's rights.  |2 fast  |0 (OCoLC)fst01178818 
651 7 |a United States.  |2 fast  |0 (OCoLC)fst01204155 
650 7 |a Feminismus  |2 gnd 
650 1 7 |a Feminisme.  |2 gtt 
650 7 |a Féminisme  |z États-Unis.  |2 ram 
650 7 |a Femmes  |x Droits  |z États-Unis.  |2 ram 
650 7 |a féminisme  |z Etats-Unis  |y 1967  |x 1975.  |2 rero 
650 0 7 |a Geschichte (1967-1975)  |2 swd 
651 7 |a USA.  |2 swd 
648 7 |a 1900-1999  |2 fast 
655 7 |a Electronic books.  |2 local 
700 1 |a Willis, Ellen,  |e writer of foreword. 
710 2 |a JSTOR (Organization) 
776 1 8 |i Print version:  |a Echols, Alice.  |t Daring to Be Bad : Radical Feminism in America 1967-1975, Thirtieth Anniversary Edition.  |d Minneapolis : University of Minnesota Press, ©2019  |z 9781517908706 
830 0 |a American culture (Minneapolis, Minn.) ;  |v 3. 
856 4 0 |u http://proxy.library.tamu.edu/login?url=https://www.jstor.org/stable/10.5749/j.ctvqmp26c  |z Connect to the full text of this electronic book  |t 0 
945 |b 704550 
955 |a YBP purchased JSTOR DDA e-records 
980 |b ebook  |c 90104068400  |f NONFIC/S  |g 565704  |k USD  |m 157.50  |q 1  |s AcqMono Conventional  |t Demand driven acquisitions (DDA)  |u Vendor order reference number  |v ZYBP  |y PDA  |z Electronic resource 
999 f f |i ac724a18-8fc5-4287-9b43-14cd0a477b38  |s e9c1d2ba-eaa9-4749-803b-c1e056b95341  |t 0 
952 f f |a Texas A&M University  |b College Station  |c Electronic Resources  |s www_evans  |d Available Online  |t 0  |e HQ1421 .E25 2019  |h Library of Congress classification 
998 f f |a HQ1421 .E25 2019  |t 0  |l Available Online